Southville International School and Colleges
Your cart is empty.
  • Cart
  • Lists
    Public lists Eva Luna New books Lux_list list_1
    Your lists Log in to create your own lists
  • Log in to your account
  • Your cookies
  • Search history
Southville International School and Colleges
  • Advanced search
  • Recent comments
  • Most popular
  • Libraries

Log in to your account

Log in with GOOGLE


If you do not have an external account, but do have a local account, you can still log in:

  1. Home
  2. MARC view: Fundamentals of algebra /
Normal view MARC view ISBD view

Fundamentals of algebra / (Record no. 366782)

[ view plain ]
MARC details
000 -LEADER
fixed length control field 00579nam a22001937a 4500
003 - CONTROL NUMBER IDENTIFIER
control field 0
005 - DATE AND TIME OF LATEST TRANSACTION
control field 20241121160803.0
008 - FIXED-LENGTH DATA ELEMENTS--GENERAL INFORMATION
fixed length control field 241121b xxu||||| |||| 00| 0 eng d
020 ## - INTERNATIONAL STANDARD BOOK NUMBER
International Standard Book Number 9781647254841
050 ## - LIBRARY OF CONGRESS CALL NUMBER
Classification number QA 155
Item number .H68 2024
100 ## - MAIN ENTRY--PERSONAL NAME
Personal name Houston, Kevin,
Relator term author.
245 ## - TITLE STATEMENT
Title Fundamentals of algebra /
Statement of responsibility, etc Kevin Houston.
260 ## - PUBLICATION, DISTRIBUTION, ETC. (IMPRINT)
Place of publication, distribution, etc Forest Hills, NY :
Name of publisher, distributor, etc NY Research Press,
Date of publication, distribution, etc 2024.
300 ## - PHYSICAL DESCRIPTION
Extent vi, 187 p. :
Other physical details col. ill. ;
Dimensions 27 cm.
504 ## - BIBLIOGRAPHY, ETC. NOTE
Bibliography, etc Includes bibliographical references and index.
650 ## - SUBJECT ADDED ENTRY--TOPICAL TERM
Topical term or geographic name as entry element Algebra.
650 ## - SUBJECT ADDED ENTRY--TOPICAL TERM
Topical term or geographic name as entry element Mathematical analysis.
942 ## - ADDED ENTRY ELEMENTS (KOHA)
Source of classification or shelving scheme Library of Congress Classification
Koha item type Books
Holdings
Withdrawn status Lost status Source of classification or shelving scheme Damaged status Home library Current library Shelving location Date acquired Source of acquisition Sub Shelving location Total Checkouts Full call number Barcode Date last seen Price effective from Koha item type
    Library of Congress Classification   College Library College Library Reserve Section 11/21/2024 Library Fund     QA 155 .H68 2024 C23931 11/21/2024 11/21/2024 Books
    Library of Congress Classification   College Library College Library Reserve Section 06/04/2025 Library Fund     QA 155 .H68 2024 C25387 10/20/2025 10/20/2025 Books

Fundamentals of algebra /

APA

Houston K., . (2024). Fundamentals of algebra. Forest Hills, NY: NY Research Press.

Chicago

Houston Kevin, . 2024. Fundamentals of algebra. Forest Hills, NY: NY Research Press.

Harvard

Houston K., . (2024). Fundamentals of algebra. Forest Hills, NY: NY Research Press.

MLA

Houston Kevin, . Fundamentals of algebra. Forest Hills, NY: NY Research Press. 2024.

  • Place hold
  • Print
  • Cite
  • Add to your cart (remove)
  • Save record
    BIBTEX Dublin Core MARCXML MARC (non-Unicode/MARC-8) MARC (Unicode/UTF-8) MARC (Unicode/UTF-8, Standard) MODS (XML) RIS
  • More searches
    Search for this title in:
    Other Libraries (WorldCat) Other Databases (Google Scholar) Online Stores (Bookfinder.com) Open Library (openlibrary.org)

Exporting to Dublin Core...

SOUTHVILLE LIBRARY

Southville International School and Colleges Library

1281 Tropical Ave. Cor. Luxembourg St., BF Homes International, Las Pinas City

Tel. No. 8256374 / 252358 Loc. 117/146

Powered by Koha